|
|
|
|
| LEADER |
00000cam a22000004a 4500 |
| 001 |
musev2_73076 |
| 003 |
MdBmJHUP |
| 005 |
20230905051530.0 |
| 006 |
m o d |
| 007 |
cr||||||||nn|n |
| 008 |
200209s2020 nbu o 00 0 eng d |
| 020 |
|
|
|a 9781640122987
|
| 020 |
|
|
|z 1640122982
|
| 020 |
|
|
|z 9781640122116
|
| 035 |
|
|
|a (OCoLC)1139764458
|
| 040 |
|
|
|a MdBmJHUP
|c MdBmJHUP
|
| 100 |
1 |
|
|a Mills, Bill,
|d 1958-
|e author.
|
| 245 |
1 |
4 |
|a The Estrada Plot :
|b How the FBI Captured a Secret Army and Stopped the Invasion of Mexico /
|c Bill Mills.
|
| 264 |
|
1 |
|a Lincoln, NE :
|b Potomac Books, an imprint of the University of Nebraska Press,
|c 2020.
|
| 264 |
|
3 |
|a Baltimore, Md. :
|b Project MUSE,
|c 2020
|
| 264 |
|
4 |
|c ©2020.
|
| 300 |
|
|
|a 1 online resource (304 pages).
|
| 336 |
|
|
|a text
|b txt
|2 rdacontent
|
| 337 |
|
|
|a computer
|b c
|2 rdamedia
|
| 338 |
|
|
|a online resource
|b cr
|2 rdacarrier
|
| 505 |
0 |
|
|a The road to exile -- Rumors of war -- Merchants of death -- Chasing after shadows -- Pursuit to the border -- The longest trial on record -- A change of fortunes.
|
| 520 |
|
|
|a ""The Estrada Plot" is the story of Enrique Estrada, an exiled Mexican general who organizes a secret army in California to invade Mexico and seize power. The newly formed Federal Bureau of Investigation races to uncover the plot and capture Estrada's army in time"--
|c Provided by publisher
|
| 588 |
|
|
|a Description based on print version record.
|
| 600 |
1 |
1 |
|a Estrada, Enrique,
|d 1890-1942.
|
| 600 |
1 |
0 |
|a Estrada, Enrique,
|d 1890-1942.
|
| 651 |
|
7 |
|a Mexico.
|2 fast
|0 (OCoLC)fst01211700
|
| 651 |
|
7 |
|a California
|z San Diego County.
|2 fast
|0 (OCoLC)fst01204290
|
| 651 |
|
7 |
|a California.
|2 fast
|0 (OCoLC)fst01204928
|
| 651 |
|
6 |
|a Mexique
|x Histoire
|y 1910-1946.
|
| 651 |
|
6 |
|a Californie
|x Histoire militaire
|y 20e siecle.
|
| 651 |
|
0 |
|a San Diego County (Calif.)
|x History, Local.
|
| 651 |
|
0 |
|a Mexico
|x History
|y 1910-1946.
|
| 651 |
|
0 |
|a California
|x History, Military
|y 20th century.
|
| 650 |
|
7 |
|a Paramilitary forces.
|2 fast
|0 (OCoLC)fst01052998
|
| 650 |
|
7 |
|a Mexicans.
|2 fast
|0 (OCoLC)fst01019244
|
| 650 |
|
7 |
|a Insurgency.
|2 fast
|0 (OCoLC)fst00975461
|
| 650 |
|
7 |
|a Generals.
|2 fast
|0 (OCoLC)fst00939841
|
| 650 |
|
7 |
|a Conspiracies.
|2 fast
|0 (OCoLC)fst00875715
|
| 650 |
|
7 |
|a HISTORY
|z Latin America
|z Mexico.
|2 bisacsh
|
| 650 |
|
6 |
|a Mexicains
|z Californie
|v Biographies.
|
| 650 |
|
6 |
|a Revoltes
|z Mexique
|x Histoire
|y 20e siecle.
|
| 650 |
|
6 |
|a Forces paramilitaires
|z Californie
|x Histoire
|y 20e siecle.
|
| 650 |
|
6 |
|a Generaux
|z Mexique
|v Biographies.
|
| 650 |
|
6 |
|a Conspiration
|z Californie
|x Histoire
|y 20e siecle.
|
| 650 |
|
0 |
|a Mexicans
|z California
|v Biography.
|
| 650 |
|
0 |
|a Insurgency
|z Mexico
|x History
|y 20th century.
|
| 650 |
|
0 |
|a Paramilitary forces
|z California
|x History
|y 20th century.
|
| 650 |
|
0 |
|a Generals
|z Mexico
|v Biography.
|
| 650 |
|
0 |
|a Conspiracies
|z California
|x History
|y 20th century.
|
| 610 |
1 |
7 |
|a United States.
|b Federal Bureau of Investigation.
|2 fast
|0 (OCoLC)fst00528882
|
| 610 |
1 |
6 |
|a États-Unis.
|b Federal Bureau of Investigation
|x Histoire
|y 20e siecle.
|
| 610 |
1 |
0 |
|a United States.
|b Federal Bureau of Investigation
|x History
|y 20th century.
|
| 655 |
|
7 |
|a Biographies.
|2 rvmgf
|
| 655 |
|
7 |
|a Biographies.
|2 lcgft
|
| 655 |
|
7 |
|a Military history.
|2 fast
|0 (OCoLC)fst01411630
|
| 655 |
|
7 |
|a Local history.
|2 fast
|0 (OCoLC)fst01411631
|
| 655 |
|
7 |
|a History.
|2 fast
|0 (OCoLC)fst01411628
|
| 655 |
|
7 |
|a Biographies.
|2 fast
|0 (OCoLC)fst01919896
|
| 655 |
|
2 |
|a Biography
|
| 655 |
|
7 |
|a Electronic books.
|2 local
|
| 710 |
2 |
|
|a Project Muse.
|e distributor
|
| 830 |
|
0 |
|a Book collections on Project MUSE.
|
| 856 |
4 |
0 |
|z Texto completo
|u https://projectmuse.uam.elogim.com/book/73076/
|
| 945 |
|
|
|a Project MUSE - Custom Collection
|
| 945 |
|
|
|a Project MUSE - 2020 Complete
|
| 945 |
|
|
|a Project MUSE - 2020 US Regional Studies, West
|
| 945 |
|
|
|a Project MUSE - 2020 Latin American and Caribbean Studies
|